000 00611nam a22002177i 4500
003 URS
005 20220114152636.0
008 170410b xxu||||| |||| 00| 0 eng d
020 _a0077076044
040 _erda
_cURSP-College LIbrary
_beng
050 _b004 M863 1992
100 1 _aMount, Joyce
245 _aIntermediate Information Technology
_cJoyce Mount
264 1 _aNew York
_bMcGraw-Hill Book Company
_c1992.
300 _aviii, 155pages
_c29cm.
336 _atext
_btxt
_2rdacontent
337 _aunmediated
_bn
_2rdamedia
338 _avolume
_bnc
_2rdacarrier
500 _aIncludes
942 _2lcc
_cFR
999 _c7144
_d7144